[Event "Matanzas 28 October Cup"]
[Site "Matanzas"]
[Date "2007.10.29"]
[Round "13"]
[White "Sotolongo Bethancourt, Noslen J"]
[Black "Delgado Ramos, Hector"]
[Result "0-1"]
[WhiteElo "2181"]
[BlackElo "2319"]
[PlyCount "66"]
[EventDate "2007.10.17"]
[EventType "tourn"]
[EventRounds "14"]
[EventCountry "CUB"]
[SourceTitle "EXT 2019"]
[Source "ChessBase"]
[SourceDate "2018.10.10"]
[SourceVersion "1"]
[SourceVersionDate "2018.10.10"]
[SourceQuality "1"]

1. c4 c5 2. Nc3 Nc6 3. Nf3 e5 4. e4 d6 5. g3 g6 6. Bg2 Bg7 7. d3 Nge7 8. 0-0 h6 9. a3 Be6 10. Rb1 Qd7 11. b4 b6 12. Re1 0-0 13. Nd2 f5 14. exf5 Bxf5 15. b5 Nd4 16. Bxa8 Rxa8 17. Nce4 Rf8 18. f3 Kh7 19. g4 Be6 20. h3 g5 21. Bb2 Ng6 22. Bxd4 exd4 23. Nf2 Be5 24. Nde4 Qf7 25. Qd2 Nh4 26. Kf1 Nxf3 27. Qd1 Nxe1 28. Kxe1 d5 29. cxd5 Bxd5 30. Qe2 Bf4 31. Kd1 Be3 32. Nh1 c4 33. dxc4 Qf1+ 0-1

[Event "Matanzas 28 October Cup"]
[Site "Matanzas"]
[Date "2007.10.26"]
[Round "10"]
[White "Gomez Ojito, Magdiel"]
[Black "Sotolongo Bethancourt, Noslen J"]
[Result "1/2-1/2"]
[WhiteElo "2183"]
[BlackElo "2181"]
[PlyCount "73"]
[EventDate "2007.10.17"]
[EventType "tourn"]
[EventRounds "14"]
[EventCountry "CUB"]
[SourceTitle "EXT 2019"]
[Source "ChessBase"]
[SourceDate "2018.10.10"]
[SourceVersion "1"]
[SourceVersionDate "2018.10.10"]
[SourceQuality "1"]

1. e4 e6 2. d4 d5 3. Nc3 Nf6 4. Bg5 Bb4 5. e5 h6 6. Bd2 Bxc3 7. bxc3 Ne4 8. Qg4 g6 9. h4 c5 10. Bd3 Nxd2 11. Kxd2 Nc6 12. Rh3 Bd7 13. Rb1 cxd4 14. cxd4 Qa5+ 15. c3 Qxa2+ 16. Ke3 0-0-0 17. Rf3 Rdf8 18. Rf6 Na5 19. Rb4 Nc6 20. Rb1 Nd8 21. Ne2 Bc6 22. Nf4 g5 23. hxg5 hxg5 24. Nh3 Rfg8 25. Nxg5 a6 26. Qf4 Bb5 27. Rxb5 axb5 28. Nxf7 Nxf7 29. Rxf7 Rxg2 30. Rf8+ Rxf8 31. Qxf8+ Kc7 32. Qd6+ Kc8 33. Qxe6+ Kb8 34. Qd6+ Ka7 35. Qc5+ Kb8 36. Qf8+ Ka7 37. Qc5+ 1/2-1/2

[Event "Matanzas 28 October Cup"]
[Site "Matanzas"]
[Date "2007.10.25"]
[Round "9"]
[White "Sotolongo Bethancourt, Noslen J"]
[Black "Castillo Bermudez, Manuel"]
[Result "0-1"]
[WhiteElo "2181"]
[BlackElo "2233"]
[PlyCount "56"]
[EventDate "2007.10.17"]
[EventType "tourn"]
[EventRounds "14"]
[EventCountry "CUB"]
[SourceTitle "EXT 2019"]
[Source "ChessBase"]
[SourceDate "2018.10.10"]
[SourceVersion "1"]
[SourceVersionDate "2018.10.10"]
[SourceQuality "1"]

1. e4 c5 2. Nf3 d6 3. d4 cxd4 4. Nxd4 Nf6 5. Nc3 a6 6. Bg5 e6 7. Qf3 Nbd7 8. 0-0-0 Be7 9. Be2 Qc7 10. Kb1 Ne5 11. Qg3 b5 12. f4 b4 13. fxe5 dxe5 14. Ncb5 axb5 15. Bxb5+ Kf8 16. Nc6 h6 17. Nxe7 hxg5 18. Nc6 Bb7 19. Nxe5 Qa5 20. Bc4 Nxe4 21. Nd7+ Kg8 22. Qe3 Rh4 23. Bb3 Bd5 24. Bxd5 Nc3+ 25. bxc3 exd5 26. cxb4 Qxa2+ 27. Kc1 Rc4 28. Qd3 Ra3 0-1

[Event "Matanzas 28 October Cup"]
[Site "Matanzas"]
[Date "2007.10.18"]
[Round "2"]
[White "Castillo Bermudez, Manuel"]
[Black "Sotolongo Bethancourt, Noslen J"]
[Result "1-0"]
[WhiteElo "2233"]
[BlackElo "2181"]
[PlyCount "103"]
[EventDate "2007.10.17"]
[EventType "tourn"]
[EventRounds "14"]
[EventCountry "CUB"]
[SourceTitle "EXT 2019"]
[Source "ChessBase"]
[SourceDate "2018.10.10"]
[SourceVersion "1"]
[SourceVersionDate "2018.10.10"]
[SourceQuality "1"]

1. e4 e5 2. Nf3 Nc6 3. Bb5 Nf6 4. d3 d6 5. 0-0 a6 6. Ba4 b5 7. Bb3 Na5 8. Re1 Be7 9. Nbd2 0-0 10. c3 Nxb3 11. axb3 Re8 12. d4 exd4 13. Nxd4 Bf8 14. c4 Bb7 15. f3 c6 16. Nf1 d5 17. cxd5 cxd5 18. e5 Nd7 19. f4 Nc5 20. Be3 Ne4 21. Nd2 Rc8 22. N2f3 Qd7 23. Qe2 Bc5 24. Nc2 Qg4 25. Bxc5 Nxc5 26. Qe3 Ne6 27. Ncd4 Nxf4 28. Qd2 Ng6 29. Re3 Rc7 30. Rae1 Rce7 31. h3 Qf4 32. Qf2 Rd7 33. g3 Qh6 34. Kh2 Nf8 35. Rf1 Qb6 36. Qd2 Rc8 37. Re2 Rdc7 38. Rff2 a5 39. Nf5 Ne6 40. N3d4 Nxd4 41. Nxd4 a4 42. b4 h6 43. e6 fxe6 44. Rxe6 Qa7 45. Nxb5 Qb8 46. Nxc7 Qxc7 47. Rfe2 Qd7 48. Re7 Qc6 49. Qd4 Qg6 50. Rxb7 Rc1 51. Qxd5+ Kh7 52. Rb8 1-0

[Event "Matanzas Copa Nacional"]
[Site "Matanzas"]
[Date "1999.??.??"]
[Round "1"]
[White "Fernandez, Eric"]
[Black "Sotolongo Bethancourt, Noslen J"]
[Result "1/2-1/2"]
[WhiteElo "2247"]
[BlackElo "2186"]
[PlyCount "90"]
[EventDate "1999.??.??"]
[EventType "tourn"]
[EventRounds "12"]
[EventCountry "CUB"]
[SourceTitle "EXT 2000"]
[Source "ChessBase"]
[SourceDate "1999.11.16"]
[SourceVersion "1"]
[SourceVersionDate "1999.11.16"]
[SourceQuality "1"]

1. e4 c5 2. Nf3 e6 3. d4 cxd4 4. Nxd4 Nf6 5. Nc3 d6 6. f4 Be7 7. Be3 a6 8. Qf3 Qc7 9. Bd3 b5 10. 0-0 Bb7 11. a3 g6 12. Rae1 Nbd7 13. Qh3 h5 14. Kh1 Ng4 15. Bg1 Ngf6 16. Nf3 Nh7 17. Re2 Rg8 18. Qg3 Rd8 19. h3 Ndf6 20. Qf2 h4 21. Qb6 Qb8 22. Ree1 Nh5 23. Ne2 Qa8 24. a4 bxa4 25. Ra1 N7f6 26. Rxa4 Nd7 27. Qa7 Nc5 28. Bxc5 dxc5 29. Qxa8 Rxa8 30. Rfa1 Kd8 31. Ne5 f6 32. Nf3 Kc7 33. e5 g5 34. fxg5 fxe5 35. Rxh4 Bxf3 36. gxf3 Rxg5 37. Rxa6 Rxa6 38. Bxa6 Rf5 39. Re4 Nf6 40. Re3 Nd5 41. Rb3 Nb4 42. Bc4 Nxc2 43. Bxe6 Na1 44. Bxf5 Nxb3 45. Be6 Nd2 1/2-1/2

[Event "Matanzas Copa Nacional"]
[Site "Matanzas"]
[Date "1999.??.??"]
[Round "5"]
[White "Parra Cabrera, Edilmar"]
[Black "Sotolongo Bethancourt, Noslen J"]
[Result "1/2-1/2"]
[WhiteElo "2199"]
[BlackElo "2186"]
[PlyCount "118"]
[EventDate "1999.??.??"]
[EventType "tourn"]
[EventRounds "12"]
[EventCountry "CUB"]
[SourceTitle "EXT 2000"]
[Source "ChessBase"]
[SourceDate "1999.11.16"]
[SourceVersion "1"]
[SourceVersionDate "1999.11.16"]
[SourceQuality "1"]

1. e4 c5 2. Nf3 e6 3. d4 cxd4 4. Nxd4 Nf6 5. Nc3 d6 6. Be2 Be7 7. 0-0 a6 8. a4 Nc6 9. Be3 0-0 10. f4 Qc7 11. Nb3 b6 12. g4 Re8 13. g5 Nd7 14. Bd3 Bb7 15. Qg4 g6 16. Rae1 Nb4 17. h4 d5 18. f5 Ne5 19. Qg3 exf5 20. exf5 Bd6 21. Bf4 Rad8 22. Re2 Nc4 23. Bxc4 Bxf4 24. Rxe8+ Rxe8 25. Qxf4 Qxf4 26. Rxf4 dxc4 27. Rxc4 Nxc2 28. Rc7 Ba8 29. f6 Ne1 30. Re7 Nf3+ 31. Kf2 Rd8 32. Kg3 h6 33. gxh6 Bc6 34. h7+ Kxh7 35. Rxf7+ Kh6 36. Rc7 Ne5 37. Nc1 Rd6 38. Kf4 Nc4 39. Ne4 Bxe4 40. Kxe4 Nxb2 41. Ke5 Rd1 42. Rc8 Re1+ 43. Kd6 Rd1+ 44. Ke7 Re1+ 45. Kf7 Kh7 46. Nb3 Nd3 47. Rc7 Nf4 48. Nd4 Nd5 49. Rd7 Re5 50. Nf3 Rf5 51. Ke6+ Kh6 52. Rxd5 Rxf3 53. Re5 Kh7 54. Ke7 Kg8 55. h5 gxh5 56. Rg5+ Kh7 57. f7 Re3+ 58. Kf8 Rf3 59. Ke7 Re3+ 1/2-1/2

[Event "Matanzas Copa Nacional"]
[Site "Matanzas"]
[Date "1999.??.??"]
[Round "11"]
[White "Sotolongo Bethancourt, Noslen J"]
[Black "Gonzalez Mesa, Daniel"]
[Result "1-0"]
[WhiteElo "2186"]
[BlackElo "2090"]
[PlyCount "71"]
[EventDate "1999.??.??"]
[EventType "tourn"]
[EventRounds "12"]
[EventCountry "CUB"]
[SourceTitle "EXT 2000"]
[Source "ChessBase"]
[SourceDate "1999.11.16"]
[SourceVersion "1"]
[SourceVersionDate "1999.11.16"]
[SourceQuality "1"]

1. d4 g6 2. e4 Bg7 3. Nc3 d6 4. Bc4 Nf6 5. h3 0-0 6. Be3 Na6 7. Qf3 c5 8. Bxa6 bxa6 9. e5 dxe5 10. dxe5 Nd7 11. Qxa8 Qb6 12. 0-0-0 Bb7 13. Nd5 Bxa8 14. Nxb6 Nxb6 15. f4 Rc8 16. Ne2 Bxg2 17. Rh2 Nd5 18. Bd2 Bf3 19. Rf2 Bh5 20. Ba5 e6 21. Re1 g5 22. Ng3 Bg6 23. fxg5 Nb4 24. Bxb4 cxb4 25. Ne4 Bxe5 26. Nf6+ Bxf6 27. gxf6 Rc5 28. Rd1 Rd5 29. Rxd5 exd5 30. Kd2 Kf8 31. Ke3 Ke8 32. Kd4 Be4 33. Kc5 b3 34. axb3 Kd7 35. c4 dxc4 36. bxc4 1-0